| 000 | 01045nam a22002537a 4500 | ||
|---|---|---|---|
| 001 | 5046 | ||
| 003 | FISKH | ||
| 005 | 20241101151139.0 | ||
| 008 | 241101b cb ||||| |||| 00| 0 eng d | ||
| 020 | _a9780375758997 | ||
| 040 |
_aFISKH _beng _cFISKH _dFISKH |
||
| 050 | _aDT2990.F85 | ||
| 082 | _a968.9104092 | ||
| 100 | _aFuller, Alexandra | ||
| 245 |
_aDon't Let's Go to the Dogs Tonight : _bAn African Childhood / _cby Alexandra Fuller |
||
| 260 |
_aNew York : _bRandom House Trade Paperback ; _c2001 . |
||
| 300 |
_a311 pages : _billustrations ; _c21 cm . |
||
| 490 |
_aAlexandra Fuller Memoirs _vBook 1 |
||
| 520 | _aFuller's recollections of growing up white in civil-war-torn Rhodesia in the 1970s. She recounts her family's tragedies, including the deaths of children and the dispossession of their home, and their struggles with racism, revolutionary politics, and survival. Strong language. Bestseller. 2001 | ||
| 650 |
_aZimbabwe _vnon-fiction |
||
| 700 |
_aInge de, Heer _etranslator |
||
| 942 |
_2ddc _cBK _n0 |
||
| 999 |
_c5046 _d5046 |
||